[Event "CRO-chT2 Ost"]
[Site "Croatia"]
[Date "2015.10.17"]
[Round "7.41"]
[White "Rosic, Slavko"]
[Black "Radulovic, Bojan"]
[Result "1-0"]
[WhiteElo "2279"]
[BlackElo "2273"]
[PlyCount "152"]
[EventDate "2015.04.25"]
[EventType "team-tourn"]
[EventRounds "11"]
[EventCountry "CRO"]
[SourceTitle "EXT 2016"]
[Source "ChessBase"]
[SourceDate "2015.10.08"]
[SourceVersion "1"]
[SourceVersionDate "2015.10.08"]
[SourceQuality "1"]

1. e4 e6 2. d4 d5 3. Nd2 Nf6 4. e5 Nfd7 5. Ndf3 c5 6. c3 Nc6 7. Bd3 Qb6 8. Ne2 cxd4 9. cxd4 f6 10. exf6 Nxf6 11. 0-0 Bd7 12. Re1 Bb4 13. Bd2 0-0-0 14. Bxb4 Qxb4 15. Qc1 Kb8 16. Qg5 Qf8 17. Nf4 Re8 18. Nh5 Re7 19. Ng3 Ka8 20. Bb5 Nb4 21. Qd2 Re8 22. Bxd7 Nxd7 23. Re2 Nc6 24. Rae1 Qd6 25. Ng5 Nd8 26. Nf3 g6 27. Re3 Re7 28. Ne2 Rhe8 29. Nc3 a6 30. a3 Nc6 31. b4 Nb6 32. R3e2 Nc4 33. Qg5 Nxa3 34. b5 axb5 35. Ra2 Kb8 36. Nb1 Nxb1 37. Rxb1 b4 38. Rba1 b3 39. Rb2 Qb4 40. Qe3 Na5 41. Ne5 Rc7 42. h4 b6 43. Rab1 Rc3 44. Qf4 Kb7 45. Qf7+ Qe7 46. Qf4 Rf8 47. Qd2 Qb4 48. Qh6 Rfc8 49. Qxh7+ R8c7 50. Qxg6 Rc1+ 51. Kh2 Rxb1 52. Rxb1 Qxd4 53. Nf3 Qf4+ 54. Kh3 Rc6 55. h5 Ka6 56. Qd3+ Rc4 57. Qg6 Rc6 58. Qd3+ Qc4 59. Ne5 Qxd3+ 60. Nxd3 Rc3 61. h6 Rxd3+ 62. Kh4 Rc3 63. h7 Rc8 64. Kh5 d4 65. g4 d3 66. Rb2 Nc4 67. Rxb3 Ne5 68. Rb2 Nc4 69. Ra2+ Kb5 70. g5 d2 71. Ra1 Ne5 72. Rd1 Rc3 73. g6 Rh3+ 74. Kg5 Rh2 75. Kf6 Ng4+ 76. Kg7 Ne5 1-0

[Event "CRO-chT2 Ost"]
[Site "Croatia"]
[Date "2015.05.10"]
[Round "6.31"]
[White "Brkic, Ante"]
[Black "Rosic, Slavko"]
[Result "1-0"]
[WhiteElo "2586"]
[BlackElo "2271"]
[PlyCount "65"]
[EventDate "2015.04.25"]
[EventType "team-tourn"]
[EventRounds "11"]
[EventCountry "CRO"]
[SourceTitle "EXT 2016"]
[Source "ChessBase"]
[SourceDate "2015.10.08"]
[SourceVersion "1"]
[SourceVersionDate "2015.10.08"]
[SourceQuality "1"]

1. e4 c6 2. d4 d5 3. e5 Bf5 4. h4 h5 5. c4 Bxb1 6. Rxb1 Qa5+ 7. Bd2 Qd8 8. e6 fxe6 9. Bd3 g6 10. Bxg6+ Kd7 11. Nf3 Bg7 12. Qe2 Nh6 13. 0-0 Qg8 14. Rfe1 Bf6 15. Bd3 Qg4 16. Bg5 Nf7 17. Bg6 Nd6 18. cxd5 cxd5 19. Bxh5 Qe4 20. Bg4 Qxe2 21. Rxe2 Ne4 22. Nd2 Nxg5 23. hxg5 Bxg5 24. Nf3 Bf6 25. Ne5+ Kc7 26. Rc1+ Nc6 27. Nxc6 bxc6 28. Rxe6 Rad8 29. Rcxc6+ Kb8 30. Re3 Rh4 31. Rb3+ Ka8 32. Bd7 Rb8 33. Rxf6 1-0

[Event "CRO-chT2 Ost"]
[Site "Croatia"]
[Date "2015.05.09"]
[Round "4.21"]
[White "Lalic, Kristijan"]
[Black "Rosic, Slavko"]
[Result "1/2-1/2"]
[WhiteElo "2253"]
[BlackElo "2271"]
[PlyCount "79"]
[EventDate "2015.04.25"]
[EventType "team-tourn"]
[EventRounds "11"]
[EventCountry "CRO"]
[SourceTitle "EXT 2016"]
[Source "ChessBase"]
[SourceDate "2015.10.08"]
[SourceVersion "1"]
[SourceVersionDate "2015.10.08"]
[SourceQuality "1"]

1. e4 c5 2. Nf3 d6 3. d4 cxd4 4. Nxd4 Nf6 5. f3 g6 6. c4 Bg7 7. Nc3 Nc6 8. Be3 0-0 9. Qd2 Bd7 10. Be2 a6 11. 0-0 Rc8 12. Rac1 Nxd4 13. Bxd4 Be6 14. b3 Nh5 15. Be3 Nf6 16. Rfd1 Nd7 17. Nd5 a5 18. Nc3 Nc5 19. Nb5 b6 20. Bh6 Bd7 21. Bxg7 Kxg7 22. Nd4 Qc7 23. Qg5 f6 24. Qe3 Ne6 25. Nxe6+ Bxe6 26. Rd4 Qc5 27. Rcd1 Bf7 28. Qf2 Ra8 29. a4 g5 30. g3 Kh8 31. Kg2 Rg8 32. Rh1 Rg7 33. Bd1 Be8 34. Bc2 Bc6 35. Rd2 Rf8 36. h3 Bb7 37. Qd4 Qxd4 38. Rxd4 Bc6 39. Kf2 Ra8 40. Rh2 1/2-1/2

[Event "CRO-chT2 Ost"]
[Site "Croatia"]
[Date "2015.04.25"]
[Round "1.61"]
[White "Petrina, Tomislav"]
[Black "Rosic, Slavko"]
[Result "1/2-1/2"]
[WhiteElo "2085"]
[BlackElo "2271"]
[PlyCount "89"]
[EventDate "2015.04.25"]
[EventType "team-tourn"]
[EventRounds "11"]
[EventCountry "CRO"]
[SourceTitle "EXT 2016"]
[Source "ChessBase"]
[SourceDate "2015.10.08"]
[SourceVersion "1"]
[SourceVersionDate "2015.10.08"]
[SourceQuality "1"]

1. e4 c5 2. Nf3 d6 3. d4 cxd4 4. Nxd4 Nf6 5. Nc3 a6 6. Bd3 g6 7. h3 Bg7 8. Be3 0-0 9. 0-0 Bd7 10. Qd2 Re8 11. Nd5 e6 12. Nxf6+ Bxf6 13. c3 Nc6 14. Nxc6 Bxc6 15. Rad1 Qa5 16. a3 d5 17. exd5 Qxd5 18. f3 Rad8 19. Qf2 Qb3 20. Qc2 Ba4 21. Qxb3 Bxb3 22. Rd2 Rd7 23. Rff2 Bd5 24. Be4 Bh4 25. Rfe2 f5 26. Bxd5 exd5 27. Bf2 Rxe2 28. Rxe2 Bf6 29. Rd2 Kf7 30. Bd4 Bg5 31. Re2 Bh4 32. Kf1 b5 33. Bf2 Be7 34. Ke1 a5 35. Kd2 b4 36. axb4 axb4 37. cxb4 Bxb4+ 38. Kd3 Be7 39. Bd4 Bd6 40. Re1 g5 41. g4 fxg4 42. fxg4 Rb7 43. Ra1 Rb3+ 44. Bc3 Rb7 45. Bd4 1/2-1/2

[Event "Bosnjaci op 14th"]
[Site "Bosnjaci"]
[Date "2009.01.06"]
[Round "6"]
[White "Lalic, Bogdan"]
[Black "Rosic, Slavko"]
[Result "1-0"]
[WhiteElo "2538"]
[BlackElo "2230"]
[PlyCount "85"]
[EventDate "2009.01.03"]
[EventType "swiss"]
[EventRounds "9"]
[EventCountry "CRO"]
[SourceTitle "CBM 128 Extra"]
[Source "ChessBase"]
[SourceDate "2009.03.05"]
[SourceVersion "2"]
[SourceVersionDate "2009.03.25"]
[SourceQuality "1"]

1. d4 Nf6 2. c4 e5 3. dxe5 Ng4 4. Bf4 Nc6 5. Nf3 Bb4+ 6. Nbd2 Qe7 7. e3 Ngxe5 8. Nxe5 Nxe5 9. Be2 b6 10. 0-0 Bxd2 11. Qxd2 Bb7 12. b4 d6 13. c5 dxc5 14. bxc5 0-0 15. Qc3 f6 16. Rfc1 Bd5 17. a4 Rab8 18. f3 Rfd8 19. e4 Bf7 20. Rab1 Qd7 21. Bb5 Qe7 22. Bf1 Be8 23. cxb6 cxb6 24. a5 b5 25. Qc5 Qxc5+ 26. Rxc5 a6 27. Bxe5 fxe5 28. Rxe5 Bf7 29. Rc5 Rbc8 30. Rd1 Be8 31. Rxc8 Rxc8 32. Rd6 Rc1 33. Rxa6 Ra1 34. Kf2 Ra2+ 35. Ke3 Kf8 36. Ra7 Bc6 37. e5 b4 38. Bc4 b3 39. Rf7+ Ke8 40. Rxg7 Rxa5 41. Rg8+ Ke7 42. Rb8 Rxe5+ 43. Kf2 1-0

[Event "Bosnjaci op 14th"]
[Site "Bosnjaci"]
[Date "2009.01.03"]
[Round "1"]
[White "Rosic, Slavko"]
[Black "Jacimovic, Sara"]
[Result "1-0"]
[WhiteElo "2230"]
[BlackElo "1791"]
[PlyCount "93"]
[EventDate "2009.01.03"]
[EventType "swiss"]
[EventRounds "9"]
[EventCountry "CRO"]
[SourceTitle "CBM 128 Extra"]
[Source "ChessBase"]
[SourceDate "2009.03.05"]
[SourceVersion "2"]
[SourceVersionDate "2009.03.25"]
[SourceQuality "1"]

1. d4 d5 2. c4 c6 3. Nc3 Nf6 4. Nf3 e6 5. e3 Nbd7 6. Qc2 Bd6 7. Bd3 dxc4 8. Bxc4 b5 9. Bd3 Bb7 10. 0-0 a6 11. Ne4 Be7 12. b3 Rc8 13. Bb2 c5 14. Nxf6+ Nxf6 15. Qe2 0-0 16. Rfd1 Qc7 17. Rac1 Nd5 18. dxc5 Qb8 19. Be5 Qa8 20. Bb2 h6 21. Bb1 Nf6 22. b4 Be4 23. a3 Bxb1 24. Rxb1 Ne4 25. Rd7 Bf6 26. Ne5 Qb8 27. Qh5 Bxe5 28. Bxe5 Nf6 29. Bxf6 gxf6 30. Qxh6 Qe5 31. Rd4 f5 32. Qg5+ Qg7 33. h4 Qxg5 34. hxg5 Kg7 35. Rd6 a5 36. Rb6 axb4 37. axb4 Rb8 38. Rxb8 Rxb8 39. Ra1 Rb7 40. Ra6 Kf8 41. Rb6 Rc7 42. Rxb5 Ke7 43. Rb6 Kd7 44. Ra6 Kc8 45. c6 Kb8 46. b5 e5 47. g4 1-0

[Event "BIH-chT2"]
[Site "Neum"]
[Date "2005.08.21"]
[Round "2"]
[White "Kobas, Adnan"]
[Black "Rosic, Slavko"]
[Result "1-0"]
[WhiteElo "2285"]
[BlackElo "2313"]
[PlyCount "109"]
[EventDate "2005.08.20"]
[EventType "team"]
[EventRounds "9"]
[EventCountry "BIH"]
[SourceTitle "EXT 2007"]
[Source "ChessBase"]
[SourceDate "2006.11.23"]
[SourceVersion "1"]
[SourceVersionDate "2006.11.23"]
[SourceQuality "1"]

1. e4 c5 2. Nf3 d6 3. d4 cxd4 4. Qxd4 Nc6 5. Bb5 Bd7 6. Bxc6 Bxc6 7. Nc3 Nf6 8. Bg5 h6 9. Bxf6 gxf6 10. Nd5 Rg8 11. 0-0-0 Rxg2 12. Qe3 Qa5 13. Kb1 Bxd5 14. Rxd5 Qb6 15. Nd4 a6 16. Rd1 e6 17. Qh3 Rxf2 18. Nxe6 fxe6 19. Qxe6+ Kd8 20. Qf7 Rc8 21. Qxf8+ Kc7 22. Qxh6 Kb8 23. R5d2 Rc4 24. Rxd6 Qc5 25. R6d5 Rd4 26. Qc1 Rxd1 27. Qxd1 Qc4 28. Rf5 Rxh2 29. Rxf6 Qd4 30. Rf8+ Kc7 31. Rf7+ Kc6 32. Qe1 Rh4 33. Re7 Kb6 34. a3 Rg4 35. Qb4+ Qxb4 36. axb4 Kc6 37. Re5 Kd6 38. Rd5+ Ke6 39. Rd4 Ke5 40. Rd7 b5 41. Re7+ Kd4 42. Ka2 Kc4 43. c3 Kd3 44. Re6 Kc2 45. Rxa6 Rxe4 46. Rh6 Re2 47. Rh5 Kc1 48. Ka3 Kc2 49. Rxb5 Re1 50. Ka2 Rb1 51. Rc5 Rxb2+ 52. Ka3 Rb1 53. Ka4 Ra1+ 54. Kb5 Kb3 55. Kb6 1-0